000 01039naa a22003017a 4500
001 BR7405580
003 BR-BrBNA
005 20240918173635.0
007 ta
008 230509b bl.||||| |||| 00| 0 por d
040 _aBR-BrBNA
_bpor
_cBiblioteca Nacional de Agricultura
041 _a(Pt)
072 _aF28; F27
_b0430
_bG514
090 _aF28 BR7405580
100 1 _aSouza, P.C. de
111 1 _aConferencia Nacional Algodoeira
_cSao Paulo, SP (Brazil)
_d23 Apr 1935
245 1 _aErosao [Algodao; Gossypium spp; Brasil]
_bTrabalho no. 34
260 3 _aSao Paulo, SP (Brasil):
_c1935.
500 _aAnnaes da Conferencia Nacional Algodoeira Sao Paulo, SP (Brasil): 1935. v. 2 p. 13-20 (BR7405580-AM)F28
650 _aErosao do solo
650 _aCultivo do solo
650 _aAlgodao
650 _aConservacao do solo
650 _aSolo
773 0 _tAnnaes da Conferencia Nacional Algodoeira
_wF28 BR7405580
_gSao Paulo, SP (Brasil), 1935. v. 2 p. 13-20
909 _a202404
_bLucia
_c55
_dLucia Elande
942 _cAM
_2AGRIS
999 _c305915
_d305915